| 000 | 00445pab a2200169 454500 | ||
|---|---|---|---|
| 008 | 180718b2004 xxu||||| |||| 00| 0 eng d | ||
| 100 | _aBeugelsdijk, Sjoerd | ||
| 245 | _aTrust and economic growth: a robustness analysis | ||
| 260 | _c2004 | ||
| 300 | _ap.118-34. | ||
| 362 | _aJan | ||
| 650 | _aEconomic growth | ||
| 700 | _aSchaik, Anton B.T.M. Van | ||
| 700 | _aGroot, Henri L.F.de | ||
| 773 | _aOxford Economic Papers | ||
| 909 | _a59220 | ||
| 999 |
_c59220 _d59220 |
||